000 00290nam a22001217a 4500
082 _a030
_bKNA/H-12
100 _aKNAPP,BRIAN
245 _a SCIENCE IN OUR WORLD: HOW THINGS WORK
260 _aUK
_bATLANTIC EUROPE PUBLISHING
300 _a48
650 _aGENERAL KNOWLEDGE
_zUK
942 _cBK
999 _c2001
_d2001